[Event "Florianopolis op 9th"]
[Site "Florianopolis"]
[Date "2023.01.24"]
[Round "2"]
[White "Amorim Filho, Robson Bezerra"]
[Black "Dionisio, Alex Monteiro"]
[Result "0-1"]
[WhiteElo "1216"]
[BlackElo "1616"]
[PlyCount "58"]
[EventDate "2023.01.23"]
[EventType "swiss"]
[EventRounds "10"]
[EventCountry "BRA"]
[SourceTitle "CBM 212 Extra"]
[Source "ChessBase"]
[SourceDate "2023.03.31"]
[SourceVersion "1"]
[SourceVersionDate "2023.03.31"]
[SourceQuality "1"]

1. e4 c5 2. Nf3 d6 3. d4 cxd4 4. Nxd4 Nf6 5. Nc3 a6 6. Bg5 e6 7. f3 Be7 8. Qd2 Qc7 9. h4 e5 10. Bxf6 Bxf6 11. Nd5 Qd8 12. Ne2 Bxh4+ 13. g3 Bf6 14. Qc3 Nc6 15. 0-0-0 Be6 16. Bh3 Be7 17. f4 Rc8 18. f5 Bxd5 19. exd5 Nd4 20. Qd3 Rxc2+ 21. Kb1 Rxe2 22. Bg4 Rc2 23. Qa3 Rc4 24. Rc1 Rxc1+ 25. Rxc1 0-0 26. Qd3 Bf6 27. Rh1 h6 28. Bd1 Qd7 29. Qc4 Qxf5+ 0-1

[Event "Sao Jose dos Campos op"]
[Site "Sao Jose dos Campos"]
[Date "2021.10.12"]
[Round "6"]
[White "Dionisio, Alex Monteiro"]
[Black "Cardoso, Marcio de Lucca"]
[Result "0-1"]
[WhiteElo "1570"]
[BlackElo "1892"]
[PlyCount "53"]
[EventDate "2021.10.09"]
[EventType "swiss"]
[EventRounds "7"]
[EventCountry "BRA"]
[SourceTitle "CBM 204 Extra"]
[Source "ChessBase"]
[SourceDate "2021.11.30"]
[SourceVersion "1"]
[SourceVersionDate "2021.11.30"]
[SourceQuality "1"]

1. e4 c5 2. Nf3 e6 3. d3 Nc6 4. g3 Nf6 5. Bg2 d5 6. Qe2 d4 7. 0-0 e5 8. a4 Bd6 9. Na3 0-0 10. Nc4 Bc7 11. a5 Re8 12. Bd2 Be6 13. a6 b6 14. Ng5 Bd7 15. f4 h6 16. Nf3 Bg4 17. h3 Bxf3 18. Bxf3 b5 19. fxe5 Nxe5 20. Nxe5 Bxe5 21. Bf4 Qd6 22. Kh1 Rab8 23. Bg4 Rb6 24. Ra3 b4 25. Bxe5 Qxe5 26. Rf5 Qxg3 27. Rxc5 0-1

[Event "Bom Jesus do Itabapoana op 1st"]
[Site "Bom Jesus do Itabapoana"]
[Date "2021.08.28"]
[Round "5"]
[White "Dionisio, Alex Monteiro"]
[Black "Do Nascimento, Christian Almeida"]
[Result "0-1"]
[WhiteElo "1800"]
[BlackElo "2034"]
[PlyCount "138"]
[EventDate "2021.08.26"]
[EventType "swiss"]
[EventRounds "6"]
[EventCountry "BRA"]
[SourceTitle "CBM 204 Extra"]
[Source "ChessBase"]
[SourceDate "2021.11.30"]
[SourceVersion "1"]
[SourceVersionDate "2021.11.30"]
[SourceQuality "1"]

1. e4 e6 2. d3 d5 3. Qe2 Nf6 4. Nf3 Be7 5. g3 0-0 6. Bg2 c5 7. 0-0 Nc6 8. e5 Nd7 9. c4 f6 10. Bf4 fxe5 11. Nxe5 Nd4 12. Qd2 Nxe5 13. Bxe5 Bf6 14. Bxf6 Rxf6 15. b3 b6 16. Nc3 Bb7 17. f4 Qd7 18. Rae1 Rd8 19. Qd1 Rff8 20. Qg4 g6 21. Kh1 Nf5 22. Qe2 Rfe8 23. Qe5 a6 24. Rf2 b5 25. Rfe2 Nd4 26. Rf2 Bc6 27. Ne2 Nc2 28. Ref1 Nb4 29. Nc1 dxc4 30. dxc4 Bxg2+ 31. Kxg2 Qc6+ 32. Kg1 Nd3 33. Nxd3 Rxd3 34. Re1 Kf7 35. Rfe2 Qd6 36. Qxd6 Rxd6 37. Rc2 b4 38. Re5 Rc8 39. Rce2 a5 40. Kg2 Rcc6 41. Kf3 Rd8 42. Kg4 h6 43. h4 h5+ 44. Kf3 a4 45. R5e3 a3 46. Kf2 Rd1 47. Kg2 Rcd6 48. Re5 Rc6 49. R5e3 Rb1 50. Kf2 Rb2 51. Kf3 Rd6 52. Re5 Rd3+ 53. Kf2 Rxe2+ 54. Rxe2 Ke7 55. Re3 Rd2+ 56. Re2 Rb2 57. Ke3 Kf6 58. Kd3 Rb1 59. Rg2 Kf5 60. Ke3 Rb2 61. Kf3 Rxg2 62. Kxg2 Ke4 63. Kf2 Kd3 64. Kf3 Kc2 65. g4 Kb1 66. f5 exf5 67. gxf5 gxf5 68. Kf4 Kxa2 69. Kxf5 Kxb3 0-1

[Event "Bom Jesus do Itabapoana op 1st"]
[Site "Bom Jesus do Itabapoana"]
[Date "2021.08.28"]
[Round "4"]
[White "Dionisio, Alex Monteiro"]
[Black "Rabello, Lorenzzo Urubatan B"]
[Result "1-0"]
[WhiteElo "1800"]
[BlackElo "1769"]
[PlyCount "63"]
[EventDate "2021.08.26"]
[EventType "swiss"]
[EventRounds "6"]
[EventCountry "BRA"]
[SourceTitle "CBM 204 Extra"]
[Source "ChessBase"]
[SourceDate "2021.11.30"]
[SourceVersion "1"]
[SourceVersionDate "2021.11.30"]
[SourceQuality "1"]

1. e4 Nf6 2. e5 Nd5 3. d4 Nc6 4. Nf3 d6 5. h3 h6 6. Bb5 Bd7 7. 0-0 e6 8. c4 Nb6 9. Qe2 Be7 10. Nc3 0-0 11. Be3 a6 12. Bxc6 Bxc6 13. Rad1 d5 14. c5 Nd7 15. b4 Rc8 16. a4 b5 17. axb5 axb5 18. Nxb5 Rb8 19. Na7 Ba8 20. b5 Re8 21. Rb1 f6 22. Nc6 Bxc6 23. bxc6 Rxb1 24. Rxb1 Nb8 25. Qb5 Qc8 26. Qb7 fxe5 27. Nxe5 Qxb7 28. Rxb7 Na6 29. Ra7 Nb4 30. Rxc7 Bd8 31. Rb7 Nc2 32. c7 1-0